Archivo Guillermo Deisler: textos e imágenes en acción

Gespeichert in:
Bibliographische Detailangaben
Hauptverfasser: Deisler, Mariana (VerfasserIn), Varas, Paulina (VerfasserIn), García, Francisca (VerfasserIn)
Format: Buch
Sprache:Spanisch
Veröffentlicht: Santiago Ocho Libros 2014
Ausgabe:1a. ed
Schlagworte:
Tags: Tag hinzufügen
Keine Tags, Fügen Sie den ersten Tag hinzu!

MARC

LEADER 00000cam a2200000 a 4500
001 UCC0948
003 CL-VaPUC
008 170915e20140000cl |||||||||||||||||spa|d
020 |a 9789563351859 
082 0 4 |a 709.83  |b DEI  |2 21 
100 0 |a Deisler, Mariana  |e author  |9 594911 
700 0 |a Varas, Paulina  |e author  |9 594912 
700 |a García, Francisca  |e author  |9 620827 
245 1 0 |a Archivo Guillermo Deisler: textos e imágenes en acción 
250 |a 1a. ed 
300 |a 216 p 
942 |c BK 
945 |d 20170915 11:20:00  |a dcastane 
260 |a Santiago  |b Ocho Libros  |c 2014 
650 0 |a Artes visuales  |9 336870 
650 0 |a Artistas chilenos  |9 344566 
650 0 |a Archivos privados  |9 367429 
583 |a last modification  |c 20170915 11:20:00  |k Rodrigo Vera 
999 |c 369573  |d 369571 
952 |0 0  |1 0  |3 erb  |4 0  |6 709_830000000000000_DEI_2014  |7 0  |8 R  |9 485477  |a BIBART  |b BIBART  |i 5424119  |l 3  |o 709.83 DEI 2014  |p 5424119  |r 2025-03-13  |s 2022-09-20  |w 2019-11-24  |y BK_R  |z Catalogado en:20170915  |k ART